000 00410nam a2200157 a 4500
005 20251025111507.0
008 251023s1973##################000#0#eng##
020 _a9783768209137
_qpbk
082 0 4 _a588
_bSAU
100 1 _aC.Sauvageau
245 1 0 _aSur quelques myrionemacees
_cC.Sauvageau
260 _bLehre [Germany] : J. Cramer,
_c1973.
300 _a346 pages
650 0 _aScience.
942 _cENGLISH
999 _c592914
_d592914